Perbualan Asas Bahasa Melayu [ Siri 17 - 24
| Format: | Book |
|---|---|
| Published: |
Kuala Lumpur :
Dewan Bahasa Dan Pustaka ,
2006
|
| Subjects: |
MARC
| LEADER | 00000cam a2200000 7i4500 | ||
|---|---|---|---|
| 001 | 0000124431 | ||
| 005 | 20080812.0 | ||
| 020 | |a 9836291873 | ||
| 090 | 0 | 0 | |a 499.28 |b PER |
| 245 | 0 | 0 | |a Perbualan Asas Bahasa Melayu [ |h electronic resource] : |b Siri 17 - 24 |
| 260 | |a Kuala Lumpur : |b Dewan Bahasa Dan Pustaka , |c 2006 | ||
| 300 | |a 1 Electronic computer optical disc (CD-ROM) | ||
| 500 | |a Library has 1 copy | ||
| 650 | 0 | 0 | |a Malay language |x Study and teaching |
| 999 | |a CR 000324 |b CD-ROM |c PINJAMAN |e PERPUSTAKAAN KOMUNITI PETALING JAYA | ||